00337nam a2200121Ia 4500008004100000041000800041082001500049100001000064245007200074260003300146300001900179999001700198241015s9999 xx 000 0 und d aeng a658.11 COH aCohen aDo More Faster India : Techstars Lessons To Accelerate Your Startup bWiley IndiaaNew Delhic2020 a374;. P. 23 cm c41823d41823